[Event "Retro WM 84 Glasgow"]
[Site "Salzgitter"]
[Date "2019.01.13"]
[Round "33"]
[White "Novag SuperConst. TM , 16 MHz"]
[Black "SciSys Turbostar 432 KSO , 4 MHz"]
[Result "1-0"]
[WhiteElo "1950"]
[BlackElo "1770"]
[PlyCount "159"]
[EventDate "13.??.??"]

1. e4 c6 2. Nc3 d5 3. d4 dxe4 4. Nxe4 Bf5 5. Ng3 Bg6 6. h4 h6 7. Nf3 Nd7 8. h5
Bh7 9. Bd3 Bxd3 10. Qxd3 Qc7 11. Bd2 e6 12. Qe2 Ngf6 13. c4 Bd6 14. Nf5 O-O 15.
Nxd6 Qxd6 16. b4 a6 17. O-O-O b5 18. c5 Qd5 19. Be1 Nxh5 20. g4 Nf4 21. Qe3
Qc4+ 22. Kb1 Nd5 23. Qd3 Qxd3+ 24. Rxd3 f6 25. Nh4 Rfd8 26. Ng6 Kf7 27. Nh4 e5
28. Nf5 a5 29. Nd6+ Kg8 30. Nb7 axb4 31. Nxd8 Rxd8 32. Rd1 Kf7 33. dxe5 fxe5
34. Kb2 Ke7 35. Rh5 Rf8 36. Rb1 Rf4 37. g5 hxg5 38. Rc1 Kf6 39. Rh8 Rc4 40. Rc8
Ne7 41. Rxc4 bxc4 42. Rd8 Nxc5 43. Bxb4 Nd3+ 44. Ka3 Nf5 45. Ka4 Nxf2 46. Rc8
Ke6 47. Rxc6+ Kd5 48. Rc7 Nd3 49. Rd7+ Ke4 50. Kb5 Nxb4 51. Kxb4 g4 52. Kxc4 g3
53. Kc5 g2 54. Rd1 Ne3 55. Rg1 Kf3 56. Kd6 Ng4 57. Rc1 Kg3 58. Ke6 Kh2 59. a4
e4 60. Kf5 Nf2 61. a5 g1=Q 62. Rxg1 Kxg1 63. Kf4 Kh1 64. a6 e3 65. Kxe3 Ng4+
66. Kd4 Kg2 67. a7 Kg3 68. a8=Q g5 69. Qd5 Kf2 70. Qf5+ Kg3 71. Qxg5 Kf3 72.
Qf5+ Kg3 73. Kd3 Nf2+ 74. Ke2 Nh3 75. Ke3 Kh4 76. Qe4+ Kg5 77. Qg2+ Kh4 78. Ke4
Ng5+ 79. Kf5 Ne4 80. Qg4# 1-0

[Event "Retro WM 84 Glasgow"]
[Site "Salzgitter"]
[Date "2019.01.14"]
[Round "14"]
[White "SciSys Turbostar 432 KSO , 4 MHz"]
[Black "Novag SuperConst. TM , 16 MHz"]
[Result "0-1"]
[WhiteElo "1770"]
[BlackElo "1950"]
[PlyCount "168"]

1. Nf3 Nf6 2. d4 g6 3. c4 Bg7 4. Nc3 d6 5. e4 O-O 6. Be2 e5 7. O-O Nc6 8. d5
Ne7 9. Bd2 Nd7 10. b4 a5 11. bxa5 Nc5 12. Be3 Rxa5 13. Bxc5 Rxc5 14. Nd2 Ra5
15. Nb3 Ra8 16. Qd2 f5 17. Bd3 f4 18. f3 c6 19. Rab1 g5 20. c5 dxc5 21. d6 Ng6
22. Nxc5 b6 23. Bc4+ Kh8 24. Nb3 b5 25. Be2 Rf6 26. Rbd1 Qb6+ 27. Rf2 Bd7 28.
Kf1 b4 29. Nb1 Bf8 30. Qc2 Rxd6 31. N1d2 Be6 32. Rc1 Bg7 33. Bc4 Bc8 34. Rd1 g4
35. Rc1 gxf3 36. Nxf3 h6 37. Kg1 Nf8 38. Qb2 Ng6 39. Qe2 Nf8 40. Qb2 Nd7 41.
Nbd2 Nf6 42. h3 Qe3 43. Re1 Qc3 44. Qxc3 bxc3 45. Nb1 Nd7 46. Nxc3 Nb6 47. Bf7
Bd7 48. Rb2 Rd3 49. Rc1 Ra6 50. Nd1 Rd6 51. Nf2 Bc8 52. Rcb1 c5 53. Rc2 Ra5 54.
Rd2 Rxd2 55. Nxd2 Ra6 56. Nd3 Nd7 57. Rb5 Rd6 58. Bd5 Ba6 59. Rb3 Nb6 60. Nxc5
Nxd5 61. Rb8+ Kh7 62. exd5 Rxd5 63. Ndb3 Rd1+ 64. Kh2 Bc4 65. Rb6 Bd5 66. Ra6
e4 67. Ra7 e3 68. Re7 Kg6 69. Ne6 Kf6 70. Nxg7 Kxe7 71. Nd4 Rd2 72. Ngf5+ Kf6
73. Kg1 Ke5 74. a4 Rxg2+ 75. Kf1 Ra2 76. h4 Rxa4 77. Ke1 f3 78. Nxe3 Rxd4 79.
Nxd5 Rxd5 80. Kf1 Kf4 81. Kf2 Rd2+ 82. Kf1 h5 83. Ke1 Ke3 84. Kf1 Rd1# 0-1

[Event "Retro WM 84 Glasgow"]
[Site "Online Salzgitter - Neudorf"]
[Date "2019.01.26"]
[Round "34"]
[White "SciSys Turbostar 432 KSO , 4 MHz"]
[Black "Chafitz Steinitz TM , 20 MHz"]
[Result "0-1"]
[WhiteElo "1770"]
[BlackElo "1890"]
[PlyCount "116"]

1. d4 d5 2. c4 e6 3. Nf3 Nf6 4. Nc3 Bb4 5. cxd5 exd5 6. Bg5 Nc6 7. Bxf6 Qxf6 8.
e3 O-O 9. Qb3 Be6 10. Bd3 Bf5 11. O-O-O Bxc3 12. bxc3 Bxd3 13. Rxd3 Qf5 14. Kc2
Rab8 15. Rb1 f6 16. Qa4 Qg4 17. Qb5 Rfd8 18. Rg1 Qg6 19. c4 Qf7 20. cxd5 Rxd5
21. Qc4 Na5 22. Qa4 Qg6 23. Nd2 Nc6 24. e4 Rdd8 25. d5 Ne5 26. Rg3 Qh5 27. Rh3
Qe2 28. Qd4 Rbc8 29. f4 Ng6 30. f5 Nf4 31. Rc3 Qa6 32. Qe3 Qxa2+ 33. Kd1 Qa5
34. Rb3 Nxd5 35. exd5 Rb8 36. Rd3 Qa4+ 37. Kc1 Qa1+ 38. Nb1 Qa2 39. Qe6+ Kh8
40. Rd2 Qc4+ 41. Kb2 Qb5+ 42. Ka1 Qa5+ 43. Ra2 Qc5 44. Rd1 Re8 45. Qf7 a5 46.
h3 b6 47. Rb2 b5 48. Rbd2 b4 49. Kb2 a4 50. Rc2 a3+ 51. Kc1 Qe3+ 52. Nd2 Re7
53. Qh5 b3 54. Rc4 Qd3 55. Nxb3 Qxc4+ 56. Kd2 Rxb3 57. Qxh7+ Kxh7 58. d6 Re2#
0-1

[Event "Retro WM 84 Glasgow"]
[Site "Online Salzgitter - Neudorf "]
[Date "2019.01.26"]
[Round "22"]
[White "Petrosjan Glasgow TM , 20 MHz"]
[Black "Chafitz Steinitz TM , 20 MHz"]
[Result "0-1"]
[WhiteElo "1830"]
[BlackElo "1890"]
[PlyCount "116"]

1. e4 Nf6 2. e5 Nd5 3. Nf3 d6 4. d4 g6 5. c4 Nb6 6. exd6 cxd6 7. Nc3 Nc6 8. d5
Ne5 9. Nxe5 dxe5 10. Be3 h5 11. Bd3 Bg7 12. Qb3 Nd7 13. O-O Qa5 14. Qb5 Qd8 15.
Qa4 O-O 16. Bxa7 Nc5 17. Bxc5 Rxa4 18. Nxa4 Qa5 19. Bc2 Qd2 20. Be4 Bf6 21. b3
Bd7 22. Be3 Qe2 23. Rfe1 Qg4 24. Nc5 Bc8 25. Bf3 Qf5 26. Rad1 Qc2 27. d6 exd6
28. Ne4 Qxa2 29. Nxf6+ Kg7 30. Ne4 Qxb3 31. Nxd6 Bg4 32. Bxg4 hxg4 33. Rb1 Qc3
34. Rec1 Qa3 35. c5 Rb8 36. Nxb7 Qd3 37. c6 Rc8 38. Rd1 Qc2 39. Rbc1 Qa4 40.
Nd8 Qa5 41. Bg5 Rc7 42. Rc4 Qb5 43. Rdc1 Qd5 44. Rc5 Qe4 45. Nb7 Qd4 46. Bd8
Rc8 47. Be7 Qf4 48. Nd6 Rh8 49. g3 Qh6 50. c7 Qxh2+ 51. Kf1 Qh1+ 52. Ke2 Qf3+
53. Ke1 Rh1+ 54. Kd2 Qxf2+ 55. Kd3 Qd4+ 56. Kc2 Rh2+ 57. Kb3 Rb2+ 58. Ka3 Qb4#
0-1

[Event "Retro WM 84 Glasgow"]
[Site "Salzgitter"]
[Date "2019.01.27"]
[Round "25"]
[White "Conchess T6 Glasgow , 5,5 MHz"]
[Black "Novag SuperConst. TM , 16 MHz"]
[Result "1-0"]
[WhiteElo "1898"]
[BlackElo "1950"]
[PlyCount "135"]

1. e4 c6 2. d4 d5 3. exd5 cxd5 4. Bd3 Nc6 5. c3 Nf6 6. Bf4 e6 7. Nf3 Be7 8. Ne5
O-O 9. O-O Bd7 10. Nxd7 Qxd7 11. Nd2 Rac8 12. Qb1 h6 13. Be5 Nxe5 14. dxe5 Ng4
15. Nf3 Qc7 16. Qe1 Bc5 17. h3 Nxf2 18. Rxf2 Bxf2+ 19. Qxf2 Qa5 20. a4 Qb6 21.
Qxb6 axb6 22. Nd4 Rfd8 23. Kf2 Kf8 24. Ke3 Ra8 25. Kd2 Ke7 26. Kc2 Rdc8 27. Kb3
Ra5 28. g4 Rca8 29. Kb4 f6 30. exf6+ gxf6 31. Nb3 R5a7 32. Kb5 Ra6 33. Nd4 Kd7
34. Kb4 Ra5 35. Bb5+ Ke7 36. Re1 e5 37. Nf5+ Ke6 38. c4 h5 39. Ng7+ Ke7 40.
Nxh5 dxc4 41. Kxc4 Rh8 42. Kd3 Raa8 43. Ke4 Rac8 44. Rf1 Rh6 45. Rd1 Rd8 46.
Rxd8 Kxd8 47. Kf5 Ke7 48. Bc4 b5 49. axb5 b6 50. b4 Rh8 51. Nxf6 Rc8 52. Nd5+
Kd6 53. Nxb6 Rf8+ 54. Ke4 Rf4+ 55. Ke3 Rd4 56. Ke2 Rf4 57. Kd2 Re4 58. Kd3 Rf4
59. Ke2 Rd4 60. Kf3 Rf4+ 61. Kg3 Rd4 62. g5 Rd1 63. h4 Rd4 64. g6 Rd1 65. Kh2
Rd4 66. g7 Rg4 67. g8=Q Rxg8 68. Bxg8 1-0

[Event "Retro WM 84 Glasgow"]
[Site "Salzgitter"]
[Date "2019.01.27"]
[Round "6"]
[White "Novag SuperConst. TM , 16 MHz"]
[Black "Conchess T6 Glasgow , 5,5 MHz"]
[Result "1-0"]
[WhiteElo "1950"]
[BlackElo "1898"]
[PlyCount "67"]

1. e4 e6 2. d4 d5 3. Nc3 Bb4 4. e5 Ne7 5. Nf3 b6 6. Bd2 O-O 7. Bd3 Bb7 8. Bxh7+
Kh8 9. Bd3 Nbc6 10. O-O Nf5 11. Nb5 Bxd2 12. Qxd2 a6 13. Bxf5 exf5 14. Nc3 f6
15. exf6 Rxf6 16. Rfe1 Rh6 17. Re3 b5 18. a3 Qd7 19. Rae1 f4 20. R3e2 Qf5 21.
Re8+ Rxe8 22. Rxe8+ Kh7 23. Ne2 Rf6 24. Ne5 g6 25. Nxc6 Rxc6 26. Qb4 Kh6 27.
Qe7 Qf6 28. Qd7 Kg5 29. Qh7 f3 30. g3 Kg4 31. Qh6 Qg5 32. h3+ Kf5 33. Re5+ Kf6
34. Qf8# 1-0

[Event "Retro WM 84 Glasgow"]
[Site "Online Neudorf - Salzgitter"]
[Date "2019.01.27"]
[Round "15"]
[White "Chafitz Steinitz TM , 20 MHz"]
[Black "SciSys Turbostar 432 KSO , 4 MHz"]
[Result "1-0"]
[WhiteElo "1890"]
[BlackElo "1770"]
[PlyCount "138"]

1. d4 Nf6 2. c4 e6 3. Nf3 b6 4. g3 Ba6 5. Qa4 Be7 6. Nc3 O-O 7. Bf4 d5 8. Nb5
Bxb5 9. Qxb5 c5 10. dxc5 bxc5 11. Bg2 Nh5 12. Bd2 Nd7 13. cxd5 Rb8 14. Qc6 exd5
15. b3 Nhf6 16. Bh3 Rb6 17. Qa4 Rb7 18. Rc1 Bd6 19. O-O Qe7 20. Qa6 Rb6 21. Qd3
Rfb8 22. Bg5 h6 23. Be3 d4 24. Bd2 Re8 25. Rfe1 Ne4 26. Ba5 Rb7 27. Nd2 Nxd2
28. Bxd2 Ne5 29. Qf5 Rbb8 30. Bf4 f6 31. Qh5 a6 32. Bg2 Kf8 33. Bd5 Qd7 34. Kg2
Qe7 35. h3 Qd7 36. Rh1 Qe7 37. Qf5 Nf7 38. Bc6 Red8 39. Bxd6 Nxd6 40. Qc2 Rbc8
41. Qxc5 Qxe2 42. Qxd4 Rb8 43. Qa4 Rbc8 44. Rhe1 Qd3 45. Red1 Qf5 46. g4 Qg6
47. Qxa6 f5 48. Bf3 Rxc1 49. Rxc1 h5 50. Qd3 hxg4 51. hxg4 Qf6 52. a4 fxg4 53.
Bxg4 Kg8 54. Qd5+ Nf7 55. Rc8 Rxc8 56. Bxc8 Qg6+ 57. Kh3 Kf8 58. Bf5 Qb6 59.
Kg2 Nd6 60. a5 Qb8 61. Bd3 Qb4 62. Be2 Qa3 63. a6 Ke8 64. Qg8+ Ke7 65. Qxg7+
Kd8 66. Bg4 Ke8 67. a7 Nf7 68. Bh5 Kd8 69. Qxf7 Qa6 1-0

[Event "Retro WM 84 Glasgow"]
[Site "Online Neudorf - Salzgitter"]
[Date "2019.01.27"]
[Round "31"]
[White "Chafitz Steinitz TM , 20 MHz"]
[Black "Meph. Excalibur X NY , 8 MHz"]
[Result "1-0"]
[WhiteElo "1890"]
[BlackElo "1750"]
[PlyCount "128"]

1. e4 Nc6 2. Nf3 e5 3. Bb5 a6 4. Bxc6 dxc6 5. O-O Qd6 6. d4 exd4 7. Nxd4 c5 8.
Ne2 Nf6 9. Nbc3 Qxd1 10. Rxd1 Bd7 11. Bf4 O-O-O 12. e5 Nh5 13. Bg5 Re8 14. f4
f6 15. exf6 gxf6 16. Bh4 Bg4 17. Re1 c4 18. h3 Bc5+ 19. Kh2 Bxe2 20. Nxe2 Re4
21. Ng3 Rxf4 22. Nxh5 Rxh4 23. Nxf6 Bd4 24. g3 Rh6 25. Ng4 Rb6 26. Re4 Rd8 27.
Rd1 Bg7 28. Rxd8+ Kxd8 29. b3 cxb3 30. axb3 Rd6 31. Re2 Bc3 32. Kg2 Rd2 33.
Rxd2+ Bxd2 34. Nf6 h6 35. Kf3 Ke7 36. Ne4 Bb4 37. c3 Bd6 38. Nxd6 cxd6 39. h4
d5 40. Kg4 Kf6 41. Kh5 Kg7 42. Kg4 Kf6 43. Kf3 b5 44. b4 Kf5 45. g4+ Ke5 46.
Ke3 Kf6 47. Kf4 Ke6 48. g5 h5 49. Kg3 Ke7 50. Kf3 Kf7 51. Ke3 Ke7 52. Kf2 Kf8
53. Ke3 Ke7 54. Kd2 Ke6 55. Ke1 Kf5 56. Kf2 Kg6 57. Ke3 Kf5 58. Kd4 Ke6 59. Kc5
Ke5 60. Kb6 Ke6 61. Kxa6 Kf5 62. Kxb5 d4 63. cxd4 Ke6 64. Kc5 Ke7 1-0

[Event "Retro WM 84 Glasgow"]
[Site "Salzgitter"]
[Date "2019.01.27"]
[Round "2"]
[White "Novag SuperConst. TM , 16 MHz"]
[Black "Meph. Excalibur X NY , 8 MHz"]
[Result "1-0"]
[WhiteElo "1950"]
[BlackElo "1750"]
[PlyCount "119"]

1. e4 e6 2. d4 d5 3. Nc3 Nf6 4. e5 Nfd7 5. f4 c5 6. Nf3 Nc6 7. Be3 cxd4 8. Nxd4
Bc5 9. Qd2 Qh4+ 10. Bf2 Qg4 11. h3 Qg6 12. f5 exf5 13. Nxd5 O-O 14. Nf4 Qh6 15.
Nxf5 Qg5 16. Bd3 Bxf2+ 17. Qxf2 Ndxe5 18. Ne3 Nxd3+ 19. cxd3 Re8 20. O-O Bxh3
21. Nc4 Bg4 22. Nd6 Re7 23. Ne4 Qa5 24. Qh4 Bd7 25. Qf2 Rd8 26. Rfc1 Ne5 27.
Rc5 b5 28. Qh4 Ree8 29. d4 Ng6 30. Nxg6 Rxe4 31. Qxe4 hxg6 32. Qe7 Be6 33. Rxb5
Qxb5 34. Qxd8+ Kh7 35. Qh4+ Kg8 36. b3 Qe2 37. d5 Qe3+ 38. Qf2 Qxf2+ 39. Kxf2
Bxd5 40. Rc1 f6 41. Rc8+ Kh7 42. Rc5 Be4 43. Ra5 Bb1 44. Rxa7 Kh6 45. a4 Be4
46. b4 Bc2 47. b5 g5 48. b6 Be4 49. a5 g4 50. a6 g3+ 51. Kg1 Kg5 52. b7 g6 53.
b8=Q Kf5 54. Re7 Bd3 55. a7 Be4 56. Rxe4 g5 57. a8=Q g4 58. Qf4+ Kg6 59. Qg8+
Kh5 60. Qgxg4# 1-0

[Event "Retro WM 84 Glasgow"]
[Site "Salzgitter"]
[Date "2019.01.27"]
[Round "21"]
[White "Meph. Excalibur X NY , 8 MHz"]
[Black "Novag SuperConst. TM , 16 MHz"]
[Result "0-1"]
[WhiteElo "1750"]
[BlackElo "1950"]
[PlyCount "138"]

1. e4 e5 2. Nf3 Nc6 3. Nc3 g6 4. d4 exd4 5. Nxd4 Bg7 6. Be3 Nf6 7. Nxc6 bxc6 8.
e5 Ng8 9. Bd4 Qe7 10. Qe2 f6 11. exf6 Nxf6 12. Qxe7+ Kxe7 13. Bd3 d5 14. O-O
Bd7 15. Rfe1+ Kf7 16. Na4 Rhf8 17. Nc5 Bc8 18. Be5 Kg8 19. f3 Rb8 20. c4 Re8
21. Rac1 Nd7 22. Nxd7 Bxd7 23. Bxg7 Kxg7 24. cxd5 Rxb2 25. a4 Rxe1+ 26. Rxe1
Kf6 27. Rc1 Rd2 28. dxc6 Rxd3 29. cxd7 Rxd7 30. Rc5 Ke6 31. Ra5 c6 32. Kf1 Kd6
33. Ke2 c5 34. Kd3 Kd5 35. Ra6 Rf7 36. Kc3 Rd7 37. Kd3 Re7 38. Kc3 Rf7 39. a5
c4 40. f4 Kc5 41. g3 Kd5 42. Kb4 Rc7 43. Kc3 Re7 44. Kb4 Rb7+ 45. Kc3 Rd7 46.
f5 g5 47. Rh6 Ke5 48. g4 Rc7 49. Rh5 Kf4 50. h3 Kg3 51. f6 Kf4 52. a6 Ke5 53.
f7 Rxf7 54. Rxg5+ Kf4 55. Rf5+ Rxf5 56. gxf5 Kxf5 57. Kb4 Kf4 58. Kxc4 Kg3 59.
Kb5 Kxh3 60. Kc4 h5 61. Kd3 h4 62. Kd4 Kg2 63. Kc5 h3 64. Kc6 h2 65. Kb7 h1=Q
66. Kxa7 Qb1 67. Ka8 Qf5 68. Kb7 Qb5+ 69. Kc7 Qxa6 0-1

[Event "Retro WM 84 Glasgow"]
[Site "Online Salzgitter - Neudorf"]
[Date "2019.02.02"]
[Round "14"]
[White "Meph. Excalibur O Serie , 8 MHz"]
[Black "Chafitz Steinitz TM , 20 MHz"]
[Result "0-1"]
[WhiteElo "1890"]
[BlackElo "1750"]
[PlyCount "116"]

1. Nf3 d5 2. d4 Nf6 3. c4 c6 4. cxd5 cxd5 5. e3 Bd7 6. Bd3 Nc6 7. O-O Nb4 8.
Nc3 Nxd3 9. Qxd3 e6 10. Bd2 Rc8 11. Rac1 Qb6 12. b3 Ba3 13. Na4 Qd8 14. Rxc8
Qxc8 15. Nc3 a6 16. Ne5 O-O 17. f3 Be8 18. e4 h6 19. Be3 Bb2 20. Ne2 Bb5 21.
Qd2 Ba3 22. exd5 Nxd5 23. Bf2 Bb4 24. Qb2 Nc3 25. Nc4 Bxc4 26. bxc4 Qxc4 27.
Nc1 b5 28. Qc2 Rd8 29. h3 a5 30. Be3 Nd5 31. Qxc4 bxc4 32. Kf2 Rc8 33. Ne2 Nxe3
34. Kxe3 h5 35. Rc1 h4 36. Ke4 Bd2 37. Rc2 f5+ 38. Ke5 c3 39. Nf4 Rb8 40. Ne2
Rb2 41. Rxc3 Bxc3 42. Nxc3 Kf7 43. d5 exd5 44. Kxd5 Rxg2 45. Kd4 Rg3 46. Ke3 g5
47. Ne2 Rxh3 48. Nd4 Kf6 49. a4 g4 50. Kf2 Ke5 51. Nc6+ Kd5 52. Ne7+ Ke6 53.
Nc6 Rxf3+ 54. Kg1 Ra3 55. Nxa5 Rxa4 56. Nc6 Kd6 57. Nd8 Ra7 58. Kf2 h3 0-1

[Event "Retro WM 84 Glasgow"]
[Site "Online Neudorf - Salzgitter"]
[Date "2019.02.03"]
[Round "12"]
[White "Meph. Excalibur X NY , 8 MHz"]
[Black "Chafitz Steinitz TM , 20 MHz"]
[Result "0-1"]
[WhiteElo "1750"]
[BlackElo "1890"]
[PlyCount "100"]

1. Nc3 d5 2. d4 Nc6 3. Bf4 Bf5 4. Nb5 Rc8 5. Nf3 Nf6 6. Nh4 Bd7 7. f3 g6 8.
Nxg6 hxg6 9. Qb1 a6 10. Nc3 Nh5 11. Be3 Ng3 12. Rg1 Nf5 13. Bf4 e6 14. Qc1
Ncxd4 15. e4 Qh4+ 16. Kd1 Qf2 17. Rh1 Nxf3 18. Be2 Qxg2 19. Rf1 N5d4 20. Qe3
Nxe2 21. Qxe2 Qxe2+ 22. Kxe2 Nd4+ 23. Kd2 Bh6 24. Bxh6 Rxh6 25. Kd3 Nb5 26. Rh1
Rh3+ 27. Kd2 Nxc3 28. bxc3 dxe4 29. Rae1 Bc6 30. Kc1 Rxc3 31. h4 Ba4 32. Rh2 f5
33. Rg2 Kf7 34. Reg1 e5 35. Kb2 Rc6 36. Rh1 Rh8 37. c3 b5 38. Rh3 Bd1 39. Rd2
Bf3 40. Rd7+ Kf6 41. a3 f4 42. Rd2 Kg7 43. Rd7+ Kg8 44. Rd8+ Kh7 45. Rd7+ Kh6
46. Re7 Rc5 47. Kb3 Rd8 48. Kb4 Rc4+ 49. Kb3 Rd2 50. Rh1 Bxh1 0-1

[Event "Retro WM 84 Glasgow"]
[Site "Onlein Neuberg - Salzgitter"]
[Date "2019.02.03"]
[Round "13"]
[White "Chafitz Steinitz TM , 20 MHz"]
[Black "Meph. Excalibur Y Budapest , 8 MHz"]
[Result "1-0"]
[WhiteElo "1890"]
[BlackElo "1750"]
[PlyCount "104"]

1. b3 e5 2. Bb2 Nc6 3. c4 Nf6 4. e3 d5 5. cxd5 Nxd5 6. a3 Bd6 7. Qc2 O-O 8. Nf3
Bg4 9. Be2 f6 10. Ng5 fxg5 11. Bxg4 Qe8 12. Nc3 Nxc3 13. Bxc3 Qe7 14. Bf3 Rab8
15. Bd5+ Kh8 16. Qe4 Bxa3 17. Bxc6 bxc6 18. Qxe5 Rxb3 19. Qxe7 Bxe7 20. e4 Bc5
21. f3 Rfb8 22. Ke2 R8b5 23. Ra6 Bb6 24. Rha1 c5 25. e5 h6 26. e6 Kg8 27. e7
Kf7 28. Bxg7 Kxe7 29. Bxh6 c4 30. R6a4 c3 31. Rg4 Kf6 32. h4 gxh4 33. Bg7+ Kf7
34. Bxc3 Rh5 35. Rh1 Ke8 36. Rhxh4 Rd5 37. Rg7 Rf5 38. g4 Rf8 39. g5 Kd8 40.
Rhh7 Re8+ 41. Kd3 Ra3 42. f4 Kc8 43. f5 Kb7 44. f6 Ka8 45. g6 a5 46. Kc2 Rb8
47. Kd1 c6 48. Be5 Rf8 49. Rb7 Bg1 50. g7 Re8 51. f7 Ra1+ 52. Bxa1 Kxb7 1-0

[Event "Retro WM 84 Glasgow"]
[Site "Online Neuberg - Salzgitter"]
[Date "2019.02.02"]
[Round "33"]
[White "Chafitz Steinitz TM , 20 MHz"]
[Black "Meph. Excalibur O Serie , 8 MHz"]
[Result "1-0"]
[WhiteElo "1890"]
[BlackElo "1750"]
[PlyCount "92"]

1. d4 d5 2. c4 e6 3. Nc3 c6 4. cxd5 exd5 5. Bf4 Nf6 6. Nf3 Bd6 7. Bxd6 Qxd6 8.
e3 Qb4 9. Qc2 O-O 10. Bd3 Bg4 11. Ng5 h6 12. Nh7 Nxh7 13. Bxh7+ Kh8 14. a3 Qd6
15. h3 Bh5 16. Bf5 Bg6 17. Bxg6 Qxg6 18. Qxg6 fxg6 19. f3 Nd7 20. O-O-O Rf5 21.
Kb1 b6 22. Ka2 Rg5 23. g4 Ne5 24. h4 Nxf3 25. hxg5 Nxg5 26. Rc1 Re8 27. Nd1 Re6
28. Rh2 Ne4 29. b4 Nf6 30. Rhc2 Nxg4 31. Rxc6 Re8 32. Rc8 Rxc8 33. Rxc8+ Kh7
34. Rd8 h5 35. Rxd5 h4 36. Rg5 Nf6 37. Nf2 Kh6 38. Nh3 a6 39. a4 Ne8 40. Rd5
Nf6 41. Rd6 b5 42. a5 g5 43. Rxa6 g4 44. Rxf6+ gxf6 45. a6 gxh3 46. a7 Kg7 1-0

[Event "Retro WM 84 Glasgow"]
[Site "Online Salzgitter - Neudorf"]
[Date "2019.02.08"]
[Round "17"]
[White "Fidelity Elegance TM , 12 MHz"]
[Black "Chafitz Steinitz TM , 20 MHz"]
[Result "1-0"]
[WhiteElo "1910"]
[BlackElo "1890"]
[PlyCount "63"]

1. e4 c5 2. Nf3 Nc6 3. d4 cxd4 4. Nxd4 e6 5. Nc3 d6 6. Nxc6 bxc6 7. Be2 Be7 8.
O-O Nf6 9. Be3 Qa5 10. Qd4 e5 11. Qc4 Rb8 12. Rab1 c5 13. f4 Be6 14. Qa6 Qxa6
15. Bxa6 Ng4 16. Bd2 exf4 17. Bxf4 g5 18. Bd2 Bf6 19. Nb5 Kd7 20. h3 Bxa2 21.
hxg4 Bxb1 22. Rxf6 Rb6 23. Rxf7+ Ke6 24. Rxa7 Rg8 25. Nc7+ Ke5 26. Bc3+ Kxe4
27. Bd3+ Kf4 28. Nd5+ Kxg4 29. Ne3+ Kg3 30. Rf7 Kh4 31. Be1+ Kh5 32. Rxh7# 1-0

[Event "Retro WM 84 Glasgow"]
[Site "Online Neudorf - Salzgitter"]
[Date "2019.02.08"]
[Round "36"]
[White "Chafitz Steinitz TM , 20 MHz"]
[Black "Fidelity Elegance TM , 12 MHz"]
[Result "0-1"]
[WhiteElo "1890"]
[BlackElo "1910"]
[PlyCount "102"]

1. e4 e6 2. d4 d5 3. Nc3 Bb4 4. e5 c5 5. a3 Bxc3+ 6. bxc3 Ne7 7. Qg4 Qc7 8.
Qxg7 Rg8 9. Qxh7 cxd4 10. Ne2 Nbc6 11. f4 Bd7 12. Qd3 dxc3 13. Nxc3 Nf5 14. Nb5
Qb6 15. Rb1 Qd8 16. Nd6+ Nxd6 17. exd6 Bc8 18. h4 Qxd6 19. h5 e5 20. Qh7 Ne7
21. Bb5+ Kf8 22. fxe5 Qxe5+ 23. Kf1 Qf6+ 24. Kg1 Nf5 25. Bd3 Qd4+ 26. Kf1 Rh8
27. Qxh8+ Qxh8 28. Bf4 Qd4 29. g3 Ne3+ 30. Ke2 Bg4+ 31. Kd2 Rc8 32. Bxe3 Qc3+
33. Kc1 Qxd3 34. Bh6+ Kg8 35. Rb2 Qe4 36. Rf1 Bf5 37. Kb1 Rxc2 38. Rxf5 Rxb2+
39. Kxb2 Qxf5 40. Kc1 Qxh5 41. Bf4 d4 42. Kc2 Qe2+ 43. Kc1 d3 44. Bd2 f5 45. a4
a5 46. g4 fxg4 47. Kb1 Qxd2 48. Ka1 Qc1+ 49. Ka2 d2 50. Kb3 d1=Q+ 51. Ka2 Qxa4#
0-1

[Event "Retro WM 84 Glasgow"]
[Site "Salzgitter"]
[Date "2019.02.15"]
[Round "7"]
[White "Sandy TSB 4 La Regence , 8 MHz"]
[Black "Chafitz Sargon ARB 3.5 TM , 12 MHz"]
[Result "0-1"]
[WhiteElo "1730"]
[BlackElo "1750"]
[PlyCount "124"]

1. d4 d5 2. c4 c6 3. Nf3 Nf6 4. Nc3 e6 5. e3 Nbd7 6. Bd3 dxc4 7. Bxc4 b5 8. Bd3
a6 9. e4 c5 10. e5 cxd4 11. exf6 dxc3 12. fxg7 Bxg7 13. Be4 Rb8 14. Qc2 f5 15.
Bd3 Nc5 16. Be2 Qa5 17. O-O b4 18. Bf4 cxb2 19. Rad1 b3 20. axb3 Rxb3 21. Be3
Qc3 22. Qxc3 Rxc3 23. Rd2 Nb3 24. Rxb2 Rxe3 25. fxe3 Bxb2 26. Rb1 Nc1 27. Rxb2
Nxe2+ 28. Rxe2 Rg8 29. Nd2 a5 30. Nc4 Ba6 31. Rc2 a4 32. Ne5 Ke7 33. Rc7+ Kd6
34. Rc6+ Kxe5 35. Rxa6 Rg4 36. h3 Rc4 37. Kf2 Re4 38. Kf3 Kd5 39. Rb6 Kc5 40.
Ra6 Kb4 41. Rd6 a3 42. Rd7 Rh4 43. Rb7+ Kc4 44. Re7 Kb3 45. Rxe6 a2 46. Rb6+
Ka3 47. Ra6+ Ra4 48. Rxa4+ Kxa4 49. Kf4 a1=Q 50. Kxf5 Qf1+ 51. Ke5 Qxg2 52. h4
Qg3+ 53. Ke4 Qxh4+ 54. Kd5 h5 55. e4 Qd8+ 56. Ke5 h4 57. Kf5 h3 58. e5 h2 59.
Kg4 h1=Q 60. Kf4 Qdd5 61. Kf5 Qh5+ 62. Kf6 Qdxe5# 0-1

[Event "Retro WM 84 Glasgow"]
[Site "Salzgitter"]
[Date "2019.02.15"]
[Round "26"]
[White "Chafitz Sargon ARB 3.5 TM , 12 MHz"]
[Black "Sandy TSB 4 La Regence , 8 MHz"]
[Result "1-0"]
[WhiteElo "1750"]
[BlackElo "1730"]
[PlyCount "113"]

1. e4 e6 2. d4 d5 3. Nc3 Nf6 4. Bg5 dxe4 5. Bxf6 Qxf6 6. Nxe4 Qf4 7. Bd3 Nc6 8.
Ne2 Qg4 9. O-O f5 10. N4c3 Bd6 11. Nb5 O-O 12. Nxd6 cxd6 13. c3 Bd7 14. Qb3 b6
15. d5 Na5 16. Qb4 Qxb4 17. cxb4 Nb7 18. dxe6 Bxe6 19. Nd4 Rae8 20. Nxe6 Rxe6
21. Bc4 Rfe8 22. Rfe1 Nd8 23. Rad1 b5 24. Bxe6+ Rxe6 25. Rxe6 Nxe6 26. Rxd6 Nf4
27. Kf1 h5 28. g3 Nh3 29. f4 g5 30. fxg5 Kg7 31. Rf6 Nxg5 32. Rxf5 Kg6 33. Rxb5
Nf3 34. Ra5 Nxh2+ 35. Kg2 Ng4 36. b5 Ne3+ 37. Kf2 Nd1+ 38. Kg1 Nxb2 39. Rxa7
Nc4 40. a4 Kf5 41. Rc7 Nb6 42. a5 Nd5 43. b6 Nb4 44. b7 Na6 45. Re7 h4 46. gxh4
Kg4 47. Rh7 Kf4 48. h5 Ke5 49. h6 Kd6 50. Rg7 Kc5 51. h7 Kb4 52. Rg5 Kc3 53.
h8=Q+ Kb3 54. Rg6 Ka4 55. Qb2 Kxa5 56. Rb6 Nc5 57. Qb5# 1-0

[Event "Retro WM 84 Glasgow"]
[Site "Salzgitter - Neudorf"]
[Date "2019.02.16"]
[Round "2"]
[White "Chafitz Sargon ARB 3.5 TM , 12 MHz"]
[Black "Chafitz Steinitz TM , 20 MHz"]
[Result "1-0"]
[WhiteElo "1750"]
[BlackElo "1890"]
[PlyCount "147"]

1. e4 c5 2. Nf3 d6 3. d4 cxd4 4. Nxd4 Nf6 5. Nc3 e6 6. Be2 Be7 7. O-O O-O 8.
Bd2 Bd7 9. Nf3 Nc6 10. Ng5 h6 11. Nf3 Qb6 12. Qc1 Nd4 13. Nxd4 Qxd4 14. Be3 Qe5
15. Bf4 Qa5 16. a3 a6 17. Rd1 e5 18. Bd2 Rac8 19. Nd5 Qd8 20. Ba5 Qe8 21. Nxf6+
gxf6 22. Bd2 Ba4 23. Bd3 Qd7 24. Bxh6 Rfd8 25. h4 Qg4 26. g3 f5 27. exf5 Bd7
28. Bg5 f6 29. Be3 e4 30. Bf1 Ba4 31. Rd4 Rxc2 32. Qb1 Bb3 33. Rb4 b5 34. Rxb3
Rdc8 35. a4 Qxf5 36. axb5 Qd5 37. Raa3 axb5 38. Bxb5 R2c7 39. Ba6 Rf8 40. Rc3
Bd8 41. Ra4 Rxc3 42. bxc3 Kh8 43. Qxe4 Qd1+ 44. Kg2 d5 45. Qd4 Qxd4 46. Bxd4
Rf7 47. Bc8 Kg7 48. Be6 Rb7 49. Ra8 Be7 50. Bxd5 Rb5 51. c4 Rb3 52. Ra7 Kf8 53.
Bxf6 Bxf6 54. Rf7+ Ke8 55. Rxf6 Rb2 56. h5 Kd7 57. h6 Rb8 58. Rf7+ Kd6 59. h7
Rh8 60. g4 Ke5 61. f4+ Kd6 62. g5 Kc5 63. g6 Kb6 64. g7 Rxh7 65. g8=Q Rxf7 66.
Qxf7 Kc5 67. Qe7+ Kd4 68. f5 Kd3 69. f6 Kd2 70. f7 Kd3 71. f8=Q Kc3 72. Qe3+
Kc2 73. Qb4 Kd1 74. Qbd2# 1-0

[Event "Retro WM 84 Glasgow"]
[Site "Salzgitter"]
[Date "2019.02.17"]
[Round "38"]
[White "Meph. Excalibur Y Budapest , 8 MHz"]
[Black "Chafitz Sargon ARB 3.5 TM , 12 MHz"]
[Result "1-0"]
[WhiteElo "1750"]
[BlackElo "1750"]
[PlyCount "183"]

1. d4 d5 2. c4 e6 3. Nf3 Nf6 4. Nc3 Bb4 5. Bg5 dxc4 6. e4 b5 7. e5 h6 8. Bh4 g5
9. Nxg5 hxg5 10. Bxg5 Nbd7 11. Qf3 Rb8 12. Bxf6 Nxf6 13. Qxf6 Qxf6 14. exf6 Rh4
15. a4 Bb7 16. axb5 Re4+ 17. Be2 Rxd4 18. O-O Rd2 19. Bxc4 Bc5 20. Ne2 Rxb2 21.
h3 Rd8 22. Rfe1 e5 23. Rec1 e4 24. Bxf7+ Kxf7 25. Rxc5 Kxf6 26. Rxc7 Rxe2 27.
Rxb7 Rc2 28. Re1 Rdd2 29. Rxe4 Rxf2 30. Rg4 Rf5 31. Rgg7 Rxb5 32. Rgf7+ Kg6 33.
Rxb5 Kxf7 34. Rb7+ Kf6 35. Rxa7 Kg5 36. Ra5+ Kh4 37. Ra4+ Kh5 38. Rg4 Rc1+ 39.
Kf2 Rc2+ 40. Kf3 Rc3+ 41. Ke4 Rc4+ 42. Kf5 Rc5+ 43. Kf4 Rc4+ 44. Kg3 Rc3+ 45.
Kh2 Rc2 46. Rb4 Rd2 47. Kg3 Rd3+ 48. Kf2 Rd2+ 49. Kf3 Rd3+ 50. Ke2 Rc3 51. Kf2
Rc2+ 52. Kg3 Rc3+ 53. Kf4 Rc7 54. g3 Rf7+ 55. Ke4 Re7+ 56. Kf3 Rf7+ 57. Rf4 Rc7
58. Rf5+ Kg6 59. Kg4 Rc4+ 60. Rf4 Rc2 61. Ra4 Rf2 62. Ra6+ Kg7 63. Rd6 Kf7 64.
h4 Rb2 65. h5 Ke7 66. Ra6 Rb4+ 67. Kf5 Kf7 68. Ra7+ Kg8 69. g4 Rb5+ 70. Kf4
Rb4+ 71. Kg5 Rb5+ 72. Kh4 Rb6 73. Kg3 Rf6 74. g5 Rf5 75. Kg4 Rf2 76. g6 Rg2+
77. Kf5 Rf2+ 78. Kg5 Rg2+ 79. Kh6 Rf2 80. Ra8+ Rf8 81. Rxf8+ Kxf8 82. Kh7 Ke7
83. Kg7 Ke6 84. h6 Ke7 85. h7 Ke6 86. Kh6 Kf6 87. g7 Kf7 88. g8=Q+ Kf6 89.
h8=Q+ Kf5 90. Qg6+ Kf4 91. Qd4+ Kf3 92. Qgg4# 1-0